<?xml version="1.0" encoding="UTF-8"?>
<record
    xmlns:xsi="http://www.w3.org/2001/XMLSchema-instance"
    xsi:schemaLocation="http://www.loc.gov/MARC21/slim http://www.loc.gov/standards/marcxml/schema/MARC21slim.xsd"
    xmlns="http://www.loc.gov/MARC21/slim">

  <leader>00403pam a2200145 a 4500</leader>
  <datafield tag="020" ind1=" " ind2=" ">
    <subfield code="a">978-81-265-1336-9</subfield>
    <subfield code="c"></subfield>
  </datafield>
  <datafield tag="041" ind1=" " ind2=" ">
    <subfield code="h"></subfield>
  </datafield>
  <datafield tag="082" ind1=" " ind2=" ">
    <subfield code="a">518.25</subfield>
  </datafield>
  <datafield tag="100" ind1=" " ind2=" ">
    <subfield code="a">Cook R.D., &amp; Malkus D. S.</subfield>
    <subfield code="e">Author</subfield>
  </datafield>
  <datafield tag="245" ind1=" " ind2=" ">
    <subfield code="a">Concepts &amp; Applications of Finite Element Analysis 4th</subfield>
    <subfield code="c">Cook R.D., &amp; Malkus D. S.</subfield>
    <subfield code="h">Textual Documents </subfield>
  </datafield>
  <datafield tag="250" ind1=" " ind2=" ">
    <subfield code="a">4th ED</subfield>
  </datafield>
  <datafield tag="260" ind1=" " ind2=" ">
    <subfield code="b">Wiley India Pub.</subfield>
    <subfield code="c">2012</subfield>
  </datafield>
  <datafield tag="300" ind1=" " ind2=" ">
    <subfield code="a">719</subfield>
  </datafield>
  <datafield tag="930" ind1=" " ind2=" ">
    <subfield code="a">908</subfield>
  </datafield>
  <datafield tag="999" ind1=" " ind2=" ">
    <subfield code="c">244957</subfield>
    <subfield code="d">244957</subfield>
  </datafield>
  <datafield tag="952" ind1=" " ind2=" ">
    <subfield code="0">0</subfield>
    <subfield code="1">0</subfield>
    <subfield code="4">0</subfield>
    <subfield code="7">0</subfield>
    <subfield code="8">General </subfield>
    <subfield code="a">ECL</subfield>
    <subfield code="b">ECL</subfield>
    <subfield code="d">1900-01-01</subfield>
    <subfield code="e">BMSGB Pune</subfield>
    <subfield code="g">669.00</subfield>
    <subfield code="l">0</subfield>
    <subfield code="o">518.25 </subfield>
    <subfield code="p">ECL-06419</subfield>
    <subfield code="r">2023-04-03 00:00:00</subfield>
    <subfield code="t">5</subfield>
    <subfield code="w">2023-04-03</subfield>
    <subfield code="y">BK</subfield>
  </datafield>
  <datafield tag="952" ind1=" " ind2=" ">
    <subfield code="0">0</subfield>
    <subfield code="1">0</subfield>
    <subfield code="4">0</subfield>
    <subfield code="7">0</subfield>
    <subfield code="8">General </subfield>
    <subfield code="a">ECL</subfield>
    <subfield code="b">ECL</subfield>
    <subfield code="d">1900-01-01</subfield>
    <subfield code="e">BMSGB Pune</subfield>
    <subfield code="g">669.00</subfield>
    <subfield code="l">0</subfield>
    <subfield code="o">518.25 </subfield>
    <subfield code="p">ECL-06418</subfield>
    <subfield code="r">2023-04-03 00:00:00</subfield>
    <subfield code="t">4</subfield>
    <subfield code="w">2023-04-03</subfield>
    <subfield code="y">BK</subfield>
  </datafield>
  <datafield tag="952" ind1=" " ind2=" ">
    <subfield code="0">0</subfield>
    <subfield code="1">0</subfield>
    <subfield code="4">0</subfield>
    <subfield code="7">0</subfield>
    <subfield code="8">General </subfield>
    <subfield code="a">ECL</subfield>
    <subfield code="b">ECL</subfield>
    <subfield code="d">1900-01-01</subfield>
    <subfield code="e">BMSGB Pune</subfield>
    <subfield code="g">669.00</subfield>
    <subfield code="l">0</subfield>
    <subfield code="o">518.25 </subfield>
    <subfield code="p">ECL-06417</subfield>
    <subfield code="r">2023-04-03 00:00:00</subfield>
    <subfield code="t">3</subfield>
    <subfield code="w">2023-04-03</subfield>
    <subfield code="y">BK</subfield>
  </datafield>
  <datafield tag="952" ind1=" " ind2=" ">
    <subfield code="0">0</subfield>
    <subfield code="1">0</subfield>
    <subfield code="4">0</subfield>
    <subfield code="7">0</subfield>
    <subfield code="8">General </subfield>
    <subfield code="a">ECL</subfield>
    <subfield code="b">ECL</subfield>
    <subfield code="d">1900-01-01</subfield>
    <subfield code="e">BMSGB Pune</subfield>
    <subfield code="g">669.00</subfield>
    <subfield code="l">0</subfield>
    <subfield code="o">518.25 </subfield>
    <subfield code="p">ECL-06416</subfield>
    <subfield code="r">2023-04-03 00:00:00</subfield>
    <subfield code="t">2</subfield>
    <subfield code="w">2023-04-03</subfield>
    <subfield code="y">BK</subfield>
  </datafield>
  <datafield tag="952" ind1=" " ind2=" ">
    <subfield code="0">0</subfield>
    <subfield code="1">0</subfield>
    <subfield code="4">0</subfield>
    <subfield code="7">0</subfield>
    <subfield code="8">General </subfield>
    <subfield code="a">ECL</subfield>
    <subfield code="b">ECL</subfield>
    <subfield code="d">1900-01-01</subfield>
    <subfield code="e">BMSGB Pune</subfield>
    <subfield code="g">669.00</subfield>
    <subfield code="l">0</subfield>
    <subfield code="o">518.25 </subfield>
    <subfield code="p">ECL-06415</subfield>
    <subfield code="r">2023-04-03 00:00:00</subfield>
    <subfield code="t">1</subfield>
    <subfield code="w">2023-04-03</subfield>
    <subfield code="y">BK</subfield>
  </datafield>
</record>
